[Event "Mittelfrankenliga-B2a 0708"]
[Site "Mittelfranken"]
[Date "2008.02.17"]
[Round "6.6"]
[White "Ziegler, Ronald"]
[Black "Ferstl, Ruth"]
[Result "1-0"]
[WhiteElo "1810"]
[BlackElo "1619"]
[PlyCount "117"]
[EventDate "2007.10.14"]
[EventType "team-tourn"]
[EventRounds "9"]
[EventCountry "GER"]
[SourceTitle "EXT 2011"]
[Source "ChessBase"]
[SourceDate "2010.11.26"]
[SourceVersion "1"]
[SourceVersionDate "2010.11.26"]
[SourceQuality "1"]
[WhiteTeam "Erlangen Siemens"]
[BlackTeam "Eckental"]
[WhiteTeamCountry "GER"]
[BlackTeamCountry "GER"]

1. e4 c6 2. d4 d5 3. Nd2 Nd7 4. Ngf3 dxe4 5. Nxe4 Ngf6 6. Ng3 e6 7. Bd3 c5 8. c3 Nb6 9. 0-0 Bd7 10. Re1 Bd6 11. dxc5 Bxc5 12. Qc2 Bc6 13. Ne5 Qd5 14. Nxc6 Qxc6 15. Ne4 h6 16. Qe2 0-0-0 17. Nxc5 Qxc5 18. Be3 Qc7 19. Bd4 Rhg8 20. a4 a5 21. Be5 Qe7 22. Bb5 Nfd7 23. Bg3 e5 24. f4 f6 25. fxe5 fxe5 26. Bxd7+ Nxd7 27. Qb5 Qc5+ 28. Qxc5+ Nxc5 29. Rxe5 b6 30. b4 axb4 31. cxb4 Na6 32. Rc1+ Kb7 33. Re7+ Ka8 34. b5 Nc5 35. Bc7 Rd7 36. Rxd7 Nxd7 37. Rd1 Nc5 38. Bxb6 Nxa4 39. Ra1 Kb7 40. Bd4 Nb6 41. Ra6 Nc8 42. Rg6 Na7 43. Rxg7+ Rxg7 44. Bxg7 h5 45. b6 Nb5 46. Kf2 Kxb6 47. Kg3 Nd6 48. Kf4 Kc6 49. h4 Kd7 50. Kg5 Ke7 51. Kxh5 Kf7 52. Bb2 Kg8 53. Kg6 Nc8 54. Bf6 Nb6 55. h5 Nd5 56. g3 Nxf6 57. Kxf6 Kh7 58. g4 Kh6 59. g5+ 1-0

[Event "Mittelfrankenliga-B2a 0708"]
[Site "Mittelfranken"]
[Date "2008.01.13"]
[Round "4.6"]
[White "Beskardesler, Faruk"]
[Black "Ferstl, Ruth"]
[Result "1-0"]
[WhiteElo "1640"]
[BlackElo "1619"]
[PlyCount "124"]
[EventDate "2007.10.14"]
[EventType "team-tourn"]
[EventRounds "9"]
[EventCountry "GER"]
[SourceTitle "EXT 2011"]
[Source "ChessBase"]
[SourceDate "2010.11.26"]
[SourceVersion "1"]
[SourceVersionDate "2010.11.26"]
[SourceQuality "1"]
[WhiteTeam "Erlangen BSGW"]
[BlackTeam "Eckental"]
[WhiteTeamCountry "GER"]
[BlackTeamCountry "GER"]

1. e4 c6 2. d4 d5 3. exd5 cxd5 4. Nf3 Nc6 5. Bf4 Qb6 6. b3 Bf5 7. c3 Rc8 8. Bd3 Bg6 9. 0-0 e6 10. Ne5 Nxe5 11. Bxe5 Nf6 12. Qe2 Be7 13. Bb5+ Kf8 14. Bd3 Bxd3 15. Qxd3 Bd6 16. Qg3 Bxe5 17. Qxe5 Ne4 18. Kh1 Qd8 19. f4 Qh4 20. Kg1 Ke7 21. f5 Qf6 22. Qf4 Nxc3 23. Nxc3 Rxc3 24. Qd2 Rhc8 25. fxe6 Qh6 26. Qxh6 gxh6 27. Rxf7+ Kxe6 28. Raf1 Rc1 29. Rxb7 R1c7 30. Rxc7 Rxc7 31. h3 Rc2 32. Rf2 Rc1+ 33. Kh2 Rd1 34. Rf4 Ra1 35. Rh4 Rxa2 36. Rxh6+ Kf5 37. Rxh7 a5 38. Rg7 Rb2 39. Rg3 Rd2 40. h4 Rxd4 41. h5 Rh4+ 42. Rh3 Rg4 43. h6 Rg8 44. h7 Rh8 45. Kg3 Ke4 46. Kf2 Kf4 47. Ke2 Ke4 48. Kd2 d4 49. Rh4+ Kd5 50. Kd3 Kc5 51. g4 Kd5 52. g5 Ke5 53. g6 Kf6 54. Rg4 Kg7 55. Kxd4 Rb8 56. Kc3 Rc8+ 57. Kb2 Rd8 58. Rg3 Rd1 59. Rg5 Rd8 60. Ka3 Ra8 61. Ka4 Ra6 62. Rh5 Ra8 1-0

[Event "GER-chT U20 Girls"]
[Site "Pori"]
[Date "2004.12.29"]
[Round "6.2"]
[White "Ferstl, Ruth"]
[Black "Spangenberg, Pia"]
[Result "1/2-1/2"]
[WhiteElo "1412"]
[BlackElo "1186"]
[PlyCount "54"]
[EventDate "2004.12.27"]
[EventType "team"]
[EventRounds "7"]
[EventCountry "GER"]
[SourceTitle "EXT 2006"]
[Source "ChessBase"]
[SourceDate "2005.11.24"]
[SourceVersion "1"]
[SourceVersionDate "2005.11.24"]
[SourceQuality "1"]

1. e4 d5 2. exd5 Nf6 3. Nf3 Nxd5 4. d3 Nc6 5. Qe2 Bg4 6. Nbd2 e6 7. h3 Bh5 8. g4 Bg6 9. Ne4 Be7 10. Bg2 Qd7 11. Bd2 0-0-0 12. Nc3 Nxc3 13. Bxc3 Bb4 14. Qd2 Qe7 15. 0-0 Bc5 16. a3 f6 17. b4 Bb6 18. Rfd1 h5 19. g5 Rd5 20. gxf6 gxf6 21. Qf4 Rg5 22. Qh2 Qg7 23. d4 h4 24. Re1 Bf7 25. a4 a6 26. Kh1 Rd8 27. Rad1 Bh5 1/2-1/2

[Event "GER-ch U12"]
[Site "Willingen"]
[Date "2001.06.09"]
[Round "11"]
[White "Ferstl, Ruth"]
[Black "Vales, Laura"]
[Result "1-0"]
[WhiteElo "932"]
[BlackElo "977"]
[PlyCount "67"]
[EventDate "2001.06.03"]
[EventType "swiss"]
[EventRounds "11"]
[EventCountry "GER"]
[SourceTitle "EXT 2003"]
[Source "ChessBase"]
[SourceDate "2002.11.25"]
[SourceVersion "1"]
[SourceVersionDate "2002.11.25"]
[SourceQuality "1"]

1. e4 g6 2. d4 Bg7 3. Nf3 d6 4. Be2 Nf6 5. Nc3 0-0 6. 0-0 Nbd7 7. Rb1 e5 8. d5 Nc5 9. Bd3 Nh5 10. g3 f5 11. Bd2 f4 12. Be2 Bh3 13. Re1 h6 14. Kh1 Qd7 15. Nh4 Qf7 16. gxf4 exf4 17. Rg1 g5 18. Bxh5 Qe7 19. Ng6 Qf6 20. Nxf8 Rxf8 21. Bg4 Bxg4 22. Qxg4 Qd4 23. Qe2 f3 24. Qe1 Re8 25. Rg4 Bf6 26. Nb5 Rxe4 27. Nxd4 Rxe1+ 28. Rxe1 h5 29. Rg3 Bxd4 30. Rxf3 Bxb2 31. Bxg5 a5 32. Re7 b5 33. Bh6 a4 34. Rf8# 1-0

[Event "GER-ch U12"]
[Site "Willingen"]
[Date "2001.06.06"]
[Round "6"]
[White "Maliezefski, Anne"]
[Black "Ferstl, Ruth"]
[Result "0-1"]
[WhiteElo "946"]
[BlackElo "932"]
[PlyCount "78"]
[EventDate "2001.06.03"]
[EventType "swiss"]
[EventRounds "11"]
[EventCountry "GER"]
[SourceTitle "EXT 2003"]
[Source "ChessBase"]
[SourceDate "2002.11.25"]
[SourceVersion "1"]
[SourceVersionDate "2002.11.25"]
[SourceQuality "1"]

1. d4 d5 2. c4 e5 3. Nf3 e4 4. Nfd2 Nc6 5. Nb3 dxc4 6. Na5 Bb4+ 7. Bd2 Qxd4 8. e3 Qxb2 9. Bxc4 Qxa1 10. 0-0 Nge7 11. Bb3 0-0 12. Nc4 Qf6 13. Bxb4 Nxb4 14. Nba3 Be6 15. Nb5 Nbd5 16. Nd2 Qg6 17. g3 a6 18. Nd4 Bh3 19. Re1 Rad8 20. Qc2 c6 21. Nxe4 Nf5 22. Ne2 Nh4 23. Bxd5 Nf3+ 24. Kh1 Nxe1 25. Qc3 cxd5 26. Nd2 Qf6 27. Qxf6 gxf6 28. Nf4 Bf5 29. Nh5 Rd6 30. Nb3 Rc8 31. h3 Bxh3 32. Nf4 Bg4 33. Kh2 Rc2 34. Kg1 Rxa2 35. Nc5 b6 36. Nb7 Rd7 37. Kf1 Ra1 38. Ne2 Nd3+ 39. Kg2 Bxe2 0-1

[Event "GER-ch U12"]
[Site "Willingen"]
[Date "2001.06.03"]
[Round "2"]
[White "Englert, Fabian"]
[Black "Ferstl, Ruth"]
[Result "1-0"]
[WhiteElo "1207"]
[BlackElo "932"]
[PlyCount "125"]
[EventDate "2001.06.03"]
[EventType "swiss"]
[EventRounds "11"]
[EventCountry "GER"]
[SourceTitle "EXT 2003"]
[Source "ChessBase"]
[SourceDate "2002.11.25"]
[SourceVersion "1"]
[SourceVersionDate "2002.11.25"]
[SourceQuality "1"]

1. Nf3 Nc6 2. d4 d5 3. g3 Nf6 4. Bg2 Bg4 5. 0-0 e6 6. Nbd2 Bd6 7. c4 0-0 8. c5 Be7 9. h3 Bf5 10. a3 Re8 11. b4 a6 12. Nb3 Bf8 13. Bg5 e5 14. Bxf6 Qxf6 15. dxe5 Nxe5 16. Qxd5 Nxf3+ 17. Qxf3 Be4 18. Qxf6 gxf6 19. Bxe4 Rxe4 20. e3 Bg7 21. Rad1 f5 22. Nd4 Bxd4 23. Rxd4 Re7 24. Rd5 f4 25. exf4 c6 26. Rd2 a5 27. Rfd1 axb4 28. axb4 Re4 29. Rd4 Re2 30. Rd8+ Rxd8 31. Rxd8+ Kg7 32. Rd7 Rb2 33. Rxb7 Rb1+ 34. Kg2 Rb2 35. Rb6 h6 36. Rxc6 Rxb4 37. Rb6 Ra4 38. c6 Ra8 39. c7 Rc8 40. Rc6 h5 41. Kf3 Kf8 42. Ke4 Ke7 43. Ke5 Kd7 44. Rc2 Rxc7 45. Rxc7+ Kxc7 46. Kf6 Kd7 47. Kxf7 Kd6 48. g4 hxg4 49. hxg4 Kd5 50. g5 Ke4 51. g6 Kxf4 52. g7 Kf3 53. g8Q Kxf2 54. Qe8 Kf3 55. Kf6 Kf4 56. Qe2 Kg3 57. Qf1 Kh2 58. Ke5 Kg3 59. Qf4+ Kh3 60. Qg5 Kh2 61. Kf4 Kh1 62. Kf3 Kh2 63. Qg2# 1-0